Music Quiz

Random Music or Song Quiz

Dylan Live Songs Quiz Stats

 Plays Quiz Updated Mar 2, 2020

Support Sporcle.
Go Orange.
Score 0/30 Timer 10:00
0 Plays Today
Song % Correct
Like a Rolling Stone
84.6%
Blowin' in the Wind
75.4%
All Along the Watchtower
60.4%
The Times They Are a-Changin'
55.9%
Tangled Up in Blue
54.5%
Mr. Tambourine Man
50.3%
Knockin' on Heaven's Door
41.5%
Maggie's Farm
37.5%
Just Like a Woman
37.3%
Rainy Day Women #12 & 35
35.1%
Don't Think Twice, It's All Right
31.7%
It Ain't Me Babe
31%
Highway 61 Revisited
29.6%
Forever Young
29.5%
Ballad of a Thin Man
27.5%
Song % Correct
Masters of War
24.2%
It's All Over Now, Baby Blue
23.5%
It's Alright, Ma (I'm Only Bleeding)
22.4%
Simple Twist of Fate
21.5%
Girl from the North Country
18.8%
I Shall Be Released
16.4%
Stuck Inside of Mobile with the Memphis Blues Again
15.8%
Love Sick
14.6%
Thunder on the Mountain
9.4%
Leopard-Skin Pill-Box Hat
8.6%
Silvio
7.9%
Summer Days
6.1%
Tweedle Dee & Tweedle Dum
5.5%
Watching the River Flow
4.5%
Honest with Me
3.7%

You're not logged in!

Compare scores with friends on all Sporcle quizzes.
OR
Log In

From the Vault

Symbol Cryptogram: Authors

by goc3

Can you crack the code?
Remove Ads.
Support Sporcle.
Get the best of Sporcle when you Go Orange. This ad-free experience offers more features, more stats, and more fun while also helping to support Sporcle. Thank you for becoming a member.

Show Comments

Extras

Top Quizzes Today


Score Distribution

Your Account Isn't Verified!

In order to create a playlist on Sporcle, you need to verify the email address you used during registration. Go to your Sporcle Settings to finish the process.

Report this User

Report this user for behavior that violates our Community Guidelines.

Details: